Mitgefangen: zur Alltagssituation Angehöriger von Strafgefangenen; Einblicke - Visionen

Gespeichert in:  
Bibliographische Detailangaben
VerfasserInnen: Brenner-Braun, Priska (Verfasst von) ; Daglayan, Ayten (Verfasst von) ; Langhart, Georg (Verfasst von)
Medienart: Druck Buch
Sprache:Deutsch
Veröffentlicht: Rubigen Edition Soziothek 2005
In:Jahr: 2005
Ausgabe:1. Aufl.
Bestand in Tübingen:In Tübingen vorhanden.
IFK: P IV 461
Verfügbarkeit prüfen: HBZ Gateway
Subito Bestelldienst: Jetzt bestellen.
Schlagwörter:

MARC

LEADER 00000cam a2200000 c 4500
001 1623105080
003 DE-627
005 20220606125318.0
007 tu
008 060118s2005 xx ||||| m 00| ||ger c
020 |a 303796121x  |9 3-03796-121-x 
035 |a (DE-627)1623105080 
035 |a (DE-576)251406822 
035 |a (DE-599)BSZ251406822 
040 |a DE-627  |b ger  |c DE-627  |e rakwb 
041 |a ger 
100 1 |a Brenner-Braun, Priska  |0 (DE-627)1321597703  |0 (DE-576)251597709  |4 aut 
109 |a Brenner-Braun, Priska  |a Braun, Priska Brenner- 
245 1 0 |a Mitgefangen  |b zur Alltagssituation Angehöriger von Strafgefangenen; Einblicke - Visionen  |c Priska Brenner-Braun ; Ayten Daglayan ; Georg Langhart 
250 |a 1. Aufl. 
264 1 |a Rubigen  |b Edition Soziothek  |c 2005 
300 |a 90, 11 S. 
336 |a Text  |b txt  |2 rdacontent 
337 |a ohne Hilfsmittel zu benutzen  |b n  |2 rdamedia 
338 |a Band  |b nc  |2 rdacarrier 
490 0 |a Schriftenreihe Arbeiten der Hochschule für Soziale Arbeit Zürich 
502 |a Zugl.: Zürich, Dipl.-Arb., 2003 
583 1 |a Archivierung prüfen  |c 20200919  |f DE-640  |z 2  |2 pdager 
655 7 |a Hochschulschrift  |0 (DE-588)4113937-9  |0 (DE-627)105825778  |0 (DE-576)209480580  |2 gnd-content 
689 0 0 |d g  |0 (DE-588)4070352-6  |0 (DE-627)106100440  |0 (DE-576)209180331  |a Deutsche Schweiz  |2 gnd 
689 0 1 |d s  |0 (DE-588)4057788-0  |0 (DE-627)104540796  |0 (DE-576)209123710  |a Strafgefangener  |2 gnd 
689 0 2 |d s  |0 (DE-588)4142414-1  |0 (DE-627)105613371  |0 (DE-576)209718579  |a Angehöriger  |2 gnd 
689 0 3 |d s  |0 (DE-588)4077575-6  |0 (DE-627)104152044  |0 (DE-576)209205709  |a Soziale Situation  |2 gnd 
689 0 |5 DE-101 
700 1 |a Daglayan, Ayten  |4 aut 
700 1 |a Langhart, Georg  |4 aut 
751 |a Zürich  |0 (DE-588)4068038-1  |0 (DE-627)106106651  |0 (DE-576)209172541  |4 uvp 
951 |a BO 
ELC |b 1 
LOK |0 000 xxxxxcx a22 zn 4500 
LOK |0 001 3249148857 
LOK |0 003 DE-627 
LOK |0 004 1623105080 
LOK |0 005 20061124093206 
LOK |0 008 061124||||||||||||||||ger||||||| 
LOK |0 040   |a DE-21-110  |c DE-627  |d DE-21-110 
LOK |0 541   |e 06/364 
LOK |0 689   |a s  |a Strafgefangene 
LOK |0 689   |a s  |a Familie 
LOK |0 689   |a s  |a Angehörige 
LOK |0 689   |a s  |a Strafvollzug 
LOK |0 852   |a DE-21-110 
LOK |0 852 1  |c P IV 461  |m p  |9 00 
LOK |0 936ln  |a 12.1 
LOK |0 938   |k p 
LOK |0 939   |a 24-11-06  |b l01 
ORI |a SA-MARC-krimdoka001.raw 
SIG |a IFK: P IV 461